Statistics for Animals Quiz

Click here to take the quiz!

General Stats

  • This quiz has been taken 371 times
    (343 since last reset)
  • The average score is 10 of 17

Answer Stats

HintAnimal% Correct
King of the jungleLion
98%
Animal with black and orange stripesTiger
89%
A baby is called a joeyKangaroo
81%
Red, arctic, fennecFox
80%
What animal was po from Kung Foo Panda?Panda
77%
Sign of peaceDove
75%
Flightless bird that lives in the arcticPenguin
75%
Snail without a shellSlug
72%
A baby is called a kidGoat
67%
Snapping, box, seaTurtle
61%
Smartest mammal (not including a human)Dolphin
52%
When swarming they are called locustsGrasshopper
48%
Fois gras is made from what animalDuck
31%
The baseball team St.Louis _______Cardinals
25%
It means chochon in frenchPig
25%
Type of auk with a bright orange beekPuffin
25%
Coho, sockeye, kingSalmon
25%

Score Distribution

Percentile by Number Answered

Percent of People with Each Score

Your Score History

You have not taken this quiz since the last reset